Basic Business Logistics 1 Transportation, Materials Management, Physical Distribution

Uložené v:
Podrobná bibliografia
Hlavný autor: Ballou, Ronald H.
Médium: Kniha
Jazyk:English
Vydavateľské údaje: Englewood Cliffs Prentice-Hall 1987
Vydanie:2. ed.
Tagy: Pridať tag
Žiadne tagy, Buďte prvý, kto otaguje tento záznam!

MARC

LEADER 00000nam a2200000 4500
001 c036227
005 20221219115516.4
041 0 |a eng 
044 |a GB 
245 1 0 |a Basic Business Logistics 1  |b Transportation, Materials Management, Physical Distribution  |c Ronald H. Ballou 
250 |a 2. ed. 
264 1 |a Englewood Cliffs  |b Prentice-Hall  |c 1987 
300 |a 295 s. 
100 1 |a Ballou, Ronald H.